Pays, Capitales, Drapeaux - Spécial Amérique du Sud - Statistiques

Statistiques générales
  • Ce quiz a été pris 207 fois
  • Le résultat moyen est 10 sur 12
Statistiques - réponses
Par images Réponse % Correct
Argentine / Buenos Aires
96%
Brésil / Brasilia
96%
Pérou / Lima
89%
Chili / Santiago
88%
Colombie / Bogotá
84%
Uruguay / Montevideo
83%
Bolivie / Sucre ; La Paz
82%
Équateur / Quito
80%
Venezuela / Caracas
79%
Paraguay / Asunción
70%
Guyana / Georgetown
69%
Suriname / Paramaribo
64%
Aucun quiz correspondant
Distribution des résultats
% des personnes avec chaque résultat
Percentile par nombre de réponses
Votre historique - résultats
Vous n’avez pas pris ce quiz